01177cam a22003497a 4500999001700000001000900017003000400026005001700030008004100047010001700088016002200105020004000127035002300167040002800190042001400218050002100232072001300253082001700266100002800283245006100311260004200372300003300414440002000447500004100467600003600508650001800544700003600562700002200598906004500620942004000665952012200705 c27039d2703914062798OSt20170207105829.0050803s2005 gw a b 000 0 eng d a 20052994887 a9731902642GyFmDB a379133316X (English edition : pbk.) a(OCoLC)ocm58792686 aOHXcOHXdBGUdORUdDLC alccopycat00aND673.R9F44 2005 7aND2lcco00a759.94932221 aFeghelm, Dagmar.d2005-10aRubens and his women /cDagmar Feghelm, Markus Kersting. aMunich :aNew York :bPrestel,c2005. a94 p. :bcol. ill. ;c28 cm. 0aPegasus library aIncludes bibliographical references.10aRubens, Peter Paul,d1577-1640. 0aWomen in art.1 aRubens, Peter Paul,d1577-1640.1 aKersting, Markus. a7bcbcccopycatd2encipf20gy-gencatlg 2lcccBOOKShND673.R9F44 2005k34574 00102lcc4070aMUCbMUCcTECHd2017-02-07eDonation(BFA)l0oND673.R9F44 2005p34574r2018-06-28w2017-02-07yBOOKS